00330nam a22001217a 450000500170000000800410001704100230005808200130008110000230009424500350011730000310015265000250018320240823080916.0240823b |||||||| |||| 00| 0 eng d aEnglish/Afrikaans  a349 LAW  lEnglish/Afrikaans  aThe Laws of South West Africa  blxix, 593 pages; c25 cm.  aLegal practice bLaw